000
00340nam a2200145Ia 4500
008
210210b1940 xxu||||| |||| 00| 0 eng d
041
_a
eng
082
_a
519/63
100
_a
HARDY (G H)
245
_a
Ramanujan
260
_a
Cambridge
_b
At the University Press
_c
1940
650
_a
Ramanujan
690
_a
Mathematics
906
_a
007924
999
_c
140782
_d
140782